Países con todas las vocales - Estadísticas

Estadísticas generales
  • Esta prueba ha sido intentada 393 veces
    355 desde el último reinicio
  • La puntuación promedio es 5 de 11
Estadísticas de respuestas
Respuesta % Correcto
Estados Unidos
80%
República del Congo
71%
República Democrática del Congo
71%
Emiratos Árabes Unidos
56%
República Centroafricana
55%
República Dominicana
51%
Mozambique
39%
Guinea Ecuatorial
31%
Bielorrusia
30%
Eslovaquia
22%
Ciudad del Vaticano
21%
No se encontraron pruebas coincidentes
Distribución de puntuación
Porcentaje de gente con cada puntuación
Porcentaje por número respondido
Historial de tus puntuaciones
No has intentado esta prueba desde el último reinicio